000 00332 a2200145 4500
001 151785
040 _cEscola São Tomás de Aquino
100 _aPASSOS, Edson Rodrigues dos
240 1 0 _aNós e os outros
_lpor
245 1 0 _aNós e os outros
300 _a120
362 0 _a2008
697 _a*LITERATURA JUVENIL
942 _cBK
999 _c151785
_d151785